000
00233 a2200097 4500
090
_c
3949
_d
3949
100
_a
Mark Middlebrook
245
_a
Auto Cad 2000 for Dummies
260
_a
IDG Books
_b
India
_c
2000
942
_a
NBS
_c
BK
_k
005.3 MID
999
_c
346409
_d
346409